000 00608nam a2200205 i 4500
001 bg
100 1 _aSOKÓŁ, Zofia
245 1 0 _aPrasa kobieca w Polsce w latach 1945-1995 /
_cZofia Sokół.
260 _aRzeszów :
_bWydaw. Wyższej Szkoły Pedagogicznej,
_c1998.
300 _a458, [1] s. ;
_c21 cm.
504 _aBibliogr. s. 439-[459].
650 9 _aCzasopisma kobiece
_xhistoria
_zPolska
_yod 1944 r.
020 _a8387288462
040 _cBPK
041 0 _apl
080 _a050+070]-055.2(438)"1944/..."
920 _a83-87288-46-2
942 _cKS
008 s pl f |000 0 pol
999 _c36924
_d36924
856 _uhttp://koha.tu.koszalin.pl/cgi-bin/koha/opac-detail.pl?biblionumber=36924
_yKatalog online BPK